All Top Flight English Rugby Union Teams Ever - Statistics

General Stats
  • This quiz has been taken 105 times
  • The average score is 18 of 29
Answer Stats
Answer % Correct
Newcastle Falcons
91%
Bristol Bears
90%
Leicester Tigers
90%
Harlequins
86%
Wasps FC
86%
Wasps RFC
86%
Northampton Saints
85%
Bath
84%
Exeter Chiefs
84%
Gloucester
84%
London Irish
84%
Sale Sharks
84%
Saracens
83%
London Welsh
78%
London Scottish
74%
Worcester Warriors
72%
Leeds Tykes
70%
Coventry
64%
Nottingham
54%
Birmingham Moseley
53%
Bedford Blues
43%
Richmond
43%
Liverpool St Helens
36%
Rotherham Titans
28%
Rosslyn Park
23%
Orrell
22%
West Hartlepool
16%
Rugby Lions
12%
Waterloo
7%
No matching quizzes found
Score Distribution
Percent of People with Each Score
Percentile by Number Answered
Your Score History
You have not taken this quiz